LIBRARY & INFORMATION CENTRE, KCAET, TAVANUR

ONLINE PUBLIC ACCESS CATALOGUE (OPAC)

Remote sensing: Principles and interpretation / (Record no. 10453)

MARC details
000 -LEADER
fixed length control field 00470cam a2200181ua 4500
020 ## - INTERNATIONAL STANDARD BOOK NUMBER
ISBN 0-7167-1793-X
041 ## - LANGUAGE CODE
Language code of text/sound track or separate title eng
082 ## - DEWEY DECIMAL CLASSIFICATION NUMBER
Classification number 621.3678
Item number SAB/RE
100 ## - MAIN ENTRY--AUTHOR NAME
Personal name Sabins, Floyd F .
245 ## - TITLE STATEMENT
Title Remote sensing: Principles and interpretation /
250 ## - EDITION STATEMENT
Edition statement 2 /
260 ## - PUBLICATION, DISTRIBUTION, ETC. (IMPRINT)
Place of publication New York :
Name of publisher W H Freeman and Company.
300 ## - PHYSICAL DESCRIPTION
Number of Pages 449 ; .
500 ## - GENERAL NOTE
General note ** Reference
942 ## - ADDED ENTRY ELEMENTS (KOHA)
Koha item type Books
Holdings
Withdrawn status Lost status Damaged status Home library Current library Date acquired Full call number Accession Number Koha item type
      KAUAET KAUAET 07/04/2012 621.3678 16987 Reference
free website counter